| 000 | 01025nam0a22002531 4500 | ||
|---|---|---|---|
| 001 | rc\1171700 | ||
| 005 | 20250622205817.0 | ||
| 035 | _a(NLR Aleph) 006414667 | ||
| 090 |
_a5383663 _c5383663 |
||
| 100 | _a20041129d1980 |||y0rusy50 ca | ||
| 101 | 0 | _arus | |
| 102 | _aRU | ||
| 105 | _aa ||||||||| | ||
| 200 | 1 |
_aЭкспериментальные исследования спектральных оптических характеристик органического стекла СО-120 _fЕ.И. Аверков, В.М. Колесников, В.П. Ступин, А.Д. Хрипунов |
|
| 210 |
_aНовосибирск _cБ. и. _d1980 |
||
| 215 |
_a10 с. _cграф. _d20 |
||
| 225 | 1 |
_aПрепринт _fАН СССР. Сиб. отд-ние, Ин-т теплофизики _v63-80 |
|
| 320 | _aБиблиогр.: с. 7, 10 | ||
| 701 | 1 |
_aАверков _bЕ.И. _gЕвгений Иванович |
|
| 801 | 0 |
_aRU _bNLR _gpsbo |
|
| 801 | 1 |
_aRU _bELAR _2rusmarc |
|
| 852 |
_aNLR _j80-4/21775 |
||
| 942 | _cBOOK | ||
| 980 | _aNB | ||